5HLuxD.jpg

KING HENRY VIII SENIOR AND PRIMARY SCHOOL LIBRARY OPAC

Ghost flight / (Record no. 1139)

000 -LEADER
fixed length control field 02152cam a2200373 i 4500
001 - CONTROL NUMBER
control field 20508187
003 - CONTROL NUMBER IDENTIFIER
control field OSt
005 - DATE AND TIME OF LATEST TRANSACTION
control field 20211206092355.0
008 - FIXED-LENGTH DATA ELEMENTS--GENERAL INFORMATION
fixed length control field 180523t20162015enk 000 1 eng d
010 ## - LIBRARY OF CONGRESS CONTROL NUMBER
LC control number 2017486808
020 ## - INTERNATIONAL STANDARD BOOK NUMBER
International Standard Book Number 9781409156833 (paperback)
020 ## - INTERNATIONAL STANDARD BOOK NUMBER
International Standard Book Number 1409156834 (paperback)
035 ## - SYSTEM CONTROL NUMBER
System control number (OCoLC)ocn922921126
040 ## - CATALOGING SOURCE
Original cataloging agency YDXCP
Language of cataloging eng
Transcribing agency YDXCP
Description conventions rda
Modifying agency OCLCQ
-- SINLB
-- OCLCO
-- OCLCF
-- OCLCO
-- ATSHR
-- OCL
-- NZAUC
-- OCL
-- DLC
-- KH8
042 ## - AUTHENTICATION CODE
Authentication code lccopycat
082 04 - DEWEY DECIMAL CLASSIFICATION NUMBER
Classification number FIC GRY
Edition number 23
100 1# - MAIN ENTRY--PERSONAL NAME
Personal name Grylls, Bear,
Relator term author.
245 10 - TITLE STATEMENT
Title Ghost flight /
Statement of responsibility, etc. Bear Grylls.
250 ## - EDITION STATEMENT
Edition statement Paperback edition.
264 #1 - PRODUCTION, PUBLICATION, DISTRIBUTION, MANUFACTURE, AND COPYRIGHT NOTICE
Place of production, publication, distribution, manufacture London :
Name of producer, publisher, distributor, manufacturer Orion Books,
Date of production, publication, distribution, manufacture, or copyright notice 2016.
264 #4 - PRODUCTION, PUBLICATION, DISTRIBUTION, MANUFACTURE, AND COPYRIGHT NOTICE
Date of production, publication, distribution, manufacture, or copyright notice ©2015
300 ## - PHYSICAL DESCRIPTION
Extent xi, 460 pages ;
Dimensions 20 cm
336 ## - CONTENT TYPE
Content type term text
Content type code txt
Source rdacontent
337 ## - MEDIA TYPE
Media type term unmediated
Media type code n
Source rdamedia
338 ## - CARRIER TYPE
Carrier type term volume
Carrier type code nc
Source rdacarrier
440 ## - SERIES STATEMENT/ADDED ENTRY--TITLE
Title Will Jaeger;
Number of part/section of a work bk. 1
520 ## - SUMMARY, ETC.
Summary, etc. "Haunted by his wife and son's brutal abduction and murder, ex-soldier Will Jaeger runs to the ends of the Earth to recover and to hide. But even there he is found and compelled to undertake one last mission and to confront a savage past he can barely even remember. Jaeger agrees to lead an expedition into the Mountains of the Gods in the remote Amazon jungle. At the dark heart of this real-life Lost World lies a mystery WWII warplane, one that harbours a secret so explosive its very discovery may tear the world asunder. Terrifying forces are hell-bent on keeping the warplane forever hidden. Unwittingly, Will Jaeger is going in against them. But as Jaeger joins a team of former elite warriors - including ice-cool Russian operator Irina Narov - he senses that the air wreck also harbours the answer he so longs to uncover: the identity of his wife and son's murderers. Hair-raising adventure, extreme survival quest and a shocking mystery reaching back into the horrors of Nazi Germany."--Provided by publisher.
650 #0 - SUBJECT ADDED ENTRY--TOPICAL TERM
Topical term or geographic name entry element Revenge
Form subdivision Fiction.
650 #0 - SUBJECT ADDED ENTRY--TOPICAL TERM
Topical term or geographic name entry element Special forces (Military science)
Form subdivision Fiction.
650 #0 - SUBJECT ADDED ENTRY--TOPICAL TERM
Topical term or geographic name entry element Conspiracies
Form subdivision Fiction.
650 #7 - SUBJECT ADDED ENTRY--TOPICAL TERM
Topical term or geographic name entry element Suspense fiction.
Source of heading or term fast
906 ## - LOCAL DATA ELEMENT F, LDF (RLIN)
a 7
b cbc
c copycat
d 2
e ncip
f 20
g y-gencatlg
942 ## - ADDED ENTRY ELEMENTS (KOHA)
Source of classification or shelving scheme
Koha item type Books - Fiction
Holdings
Withdrawn status Lost status Source of classification or shelving scheme Damaged status Not for loan Collection code Permanent Location Current Location Shelving location Date acquired Total Checkouts Full call number Barcode Date last seen Date last checked out Price effective from Koha item type
          Fiction KH8 Senior School Library KH8 Senior School Library Young Adult 2021-12-06 1 FIC GRY 3KHSL000101867 2024-12-12 2024-08-27 2021-12-06 Books - Fiction

Powered By KH8 IT Dept